[Event "ch-FRA Blitz Online Qual"]
[Site "Europe-Chess INT"]
[Date "2020.05.16"]
[Round "6"]
[White "Coutton, Sylvain"]
[Black "Arnaudov, G. Petar"]
[Result "0-1"]
[BlackTitle "GM"]
[WhiteElo "2185"]
[BlackElo "2471"]
[WhiteFideId "610194"]
[BlackFideId "2907127"]
[EventDate "2020.05.16"]

1. d4 Nf6 2. c4 Nc6 3. Nf3 e6 4. Nc3 Bb4 5. Qc2 d6 6. Bg5 h6 7. Bh4 g5 8. Bg3 g4
9. Nd2 Nxd4 10. Qd3 e5 11. e3 Bf5 12. e4 Bg6 13. h3 Ne6 14. f3 Nh5 15. Bf2 g3
16. Be3 Nhf4 17. Qc2 Bc5 18. Bxc5 Nxc5 19. Nd5 Nce6 20. Rg1 c6 21. Ne3 Qb6 22.
Qc3 Nc5 23. b3 Ncd3+ 24. Bxd3 Qxe3+ 25. Kd1 Qxg1+ 26. Kc2 Qe3 27. Nf1 Qxd3+ 28.
Qxd3 Nxd3 29. Kxd3 d5 30. Nxg3 dxe4+ 31. fxe4 O-O-O+ 0-1

[Event "ch-FRA Blitz Online Qual"]
[Site "Europe-Chess INT"]
[Date "2020.05.16"]
[Round "6"]
[White "Polivanov, Anatoliy"]
[Black "Le Huec, Marc"]
[Result "1/2-1/2"]
[WhiteTitle "IM"]
[WhiteElo "2452"]
[BlackElo "2213"]
[WhiteFideId "14109468"]
[BlackFideId "624829"]
[EventDate "2020.05.16"]

1. e4 c5 2. Nf3 Nc6 3. c3 Nf6 4. e5 Nd5 5. Bc4 e6 6. d4 cxd4 7. cxd4 d6 8. Qe2
Be7 9. O-O O-O 10. Rd1 Bd7 11. Nc3 Nxc3 12. bxc3 Rc8 13. exd6 Bxd6 14. Ng5 h6
15. Ne4 Be7 16. d5 exd5 17. Bxd5 Qc7 18. c4 Bf5 19. Bb2 Bg6 20. Qg4 Kh7 21. Qf3
Ne5 22. Qc3 f6 23. Rac1 b6 24. Qg3 Nd7 25. Be6 Bxe4 26. Rxd7 Qxg3 27. hxg3 Bc5
28. Re1 Bg6 29. Rxa7 Ra8 30. Rxa8 Rxa8 31. a3 Ra5 32. Ra1 Bd3 33. Bd5 Kg6 34.
Rd1 Bc2 35. Rc1 Bf5 36. Rc3 h5 37. Rb3 Bc2 38. Rb5 Rxb5 39. cxb5 Kf5 40. Kf1
Bd3+ 41. Ke1 Bxb5 42. Bb3 g5 43. Bc2+ Ke6 44. Bb3+ Kf5 45. Bc2+ Ke6 46. Bb3+ Kf5 1/2-1/2

[Event "ch-FRA Blitz Online Qual"]
[Site "Europe-Chess INT"]
[Date "2020.05.16"]
[Round "6"]
[White "Ioannidis, Evgenios"]
[Black "Travadon, Loic"]
[Result "0-1"]
[WhiteTitle "IM"]
[BlackTitle "IM"]
[WhiteElo "2401"]
[BlackElo "2431"]
[WhiteFideId "4229274"]
[BlackFideId "26092131"]
[EventDate "2020.05.16"]

1. d4 Nf6 2. c4 g6 3. Nc3 d6 4. e4 Bg7 5. h3 O-O 6. Be3 e5 7. d5 a5 8. g4 Na6 9.
Nge2 h5 10. f3 c6 11. Qd2 cxd5 12. cxd5 Bd7 13. Ng3 h4 14. Nge2 b5 15. Bg2 b4
16. Nd1 Nc5 17. O-O Rc8 18. Nf2 Bb5 19. Rfc1 Qb6 20. Bf1 Nfd7 21. Kg2 Qa6 22.
Bg5 f5 23. exf5 gxf5 24. Bxh4 fxg4 25. hxg4 e4 26. Nxe4 Nxe4 27. fxe4 Ne5 28.
Nf4 Bxf1+ 29. Rxf1 Qc4 30. Rfe1 Qc2 31. Re2 Qxd2 32. Rxd2 Rxf4 0-1

[Event "ch-FRA Blitz Online Qual"]
[Site "Europe-Chess INT"]
[Date "2020.05.16"]
[Round "6"]
[White "Nasuta, Grzegorz"]
[Black "Bouget, Alexandre"]
[Result "1-0"]
[WhiteTitle "GM"]
[BlackTitle "FM"]
[WhiteElo "2558"]
[BlackElo "2238"]
[WhiteFideId "1141686"]
[BlackFideId "681318"]
[EventDate "2020.05.16"]

1. e4 e5 2. Nf3 Nc6 3. Bc4 Bc5 4. O-O d6 5. c3 Bb6 6. d3 h6 7. a4 Qf6 8. b4 a5
9. b5 Nd8 10. Be3 Ne7 11. Bxb6 cxb6 12. Nbd2 g5 13. Ne1 Ne6 14. Nc2 Nf4 15. Ne3
h5 16. Bb3 g4 17. Ndc4 Be6 18. Nxd6+ Kf8 19. Bxe6 fxe6 20. d4 exd4 21. cxd4 Qxd4
22. Qxd4 Ne2+ 23. Kh1 Nxd4 24. Nec4 Nc8 25. Nxb7 Rb8 26. Rad1 Rxb7 27. Rxd4 Ke7
28. Rfd1 Rc7 29. Ne5 Kf6 30. Nc6 Ne7 31. Nxe7 Kxe7 32. Kg1 Rhc8 33. g3 Rc4 34.
e5 R8c5 35. Rd7+ Ke8 36. Rd8+ Ke7 37. R1d7# 1-0

[Event "ch-FRA Blitz Online Qual"]
[Site "Europe-Chess INT"]
[Date "2020.05.16"]
[Round "6"]
[White "Luminais, Eric"]
[Black "Bijaoui, Manuel"]
[Result "0-1"]
[BlackTitle "IM"]
[WhiteElo "2161"]
[BlackElo "2411"]
[WhiteFideId "610372"]
[BlackFideId "626783"]
[EventDate "2020.05.16"]

1. Nf3 Nf6 2. g3 g6 3. Bg2 Bg7 4. O-O O-O 5. d3 d5 6. Nbd2 c5 7. e4 Nc6 8. Re1
e5 9. exd5 Nxd5 10. Nc4 Re8 11. a4 h6 12. c3 Rb8 13. h3 Be6 14. Kh2 Qc7 15. Qc2
f5 16. Nh4 Kh7 17. Bd2 Rbd8 18. Re2 Bf7 19. Rae1 a6 20. Nf3 b5 21. axb5 axb5 22.
Na3 Qb6 23. Nh4 Na5 24. f4 exf4 25. gxf4 Rxe2 26. Rxe2 Qb8 27. Kg1 Nxf4 28. Re7
Nxg2 29. Nxg2 Bb3 30. Qc1 Qd6 31. Ra7 Nc6 0-1

[Event "ch-FRA Blitz Online Qual"]
[Site "Europe-Chess INT"]
[Date "2020.05.16"]
[Round "6"]
[White "Hutois, Mickael"]
[Black "Bujisho, Benjamin"]
[Result "1/2-1/2"]
[WhiteTitle "FM"]
[BlackTitle "IM"]
[WhiteElo "2261"]
[BlackElo "2290"]
[WhiteFideId "652091"]
[BlackFideId "608610"]
[EventDate "2020.05.16"]

1. e4 c5 2. Nf3 d6 3. d4 cxd4 4. Nxd4 Nf6 5. Nc3 g6 6. Be3 Bg7 7. f3 O-O 8. Qd2
Nc6 9. O-O-O d5 10. exd5 Nxd5 11. Nxc6 bxc6 12. Bd4 Bxd4 13. Qxd4 Qb6 14. Nxd5
cxd5 15. Qxb6 axb6 16. a3 e6 17. Bb5 Ba6 18. Bxa6 Rxa6 19. c3 Ra4 20. Rd3 Rc8
21. Rhd1 Kf8 22. Rd4 Rac4 23. Kc2 Ke7 24. Rxc4 Rxc4 25. b3 Rc6 26. a4 Kd6 27. b4
e5 28. Kd3 f5 29. Ra1 e4+ 30. Kd2 Kc7 31. a5 bxa5 32. Rxa5 Kd6 33. Ra7 Rc4 34.
Rxh7 d4 35. cxd4 Rxd4+ 36. Ke3 Rxb4 37. Rh6 Ke5 38. fxe4 Rxe4+ 39. Kf3 Kf6 40.
Rh8 Kg5 41. g3 Ra4 42. h4+ Kf6 43. Rf8+ Kg7 44. Rb8 Ra3+ 45. Kf4 Ra4+ 46. Kf3
Ra3+ 47. Kf4 Ra4+ 48. Kf3 1/2-1/2

[Event "ch-FRA Blitz Online Qual"]
[Site "Europe-Chess INT"]
[Date "2020.05.16"]
[Round "6"]
[White "Glek, Igor"]
[Black "Msellek, Ilyass"]
[Result "0-1"]
[WhiteTitle "GM"]
[BlackTitle "FM"]
[WhiteElo "2475"]
[BlackElo "2316"]
[WhiteFideId "4100484"]
[BlackFideId "675938"]
[EventDate "2020.05.16"]

1. e4 c5 2. Nf3 e6 3. Nc3 Nc6 4. d4 cxd4 5. Nxd4 Nf6 6. a3 d5 7. Bb5 Bd7 8. exd5
exd5 9. O-O Be7 10. Nde2 a6 11. Ba4 Bg4 12. f3 Bf5 13. Be3 O-O 14. Bb3 Na5 15.
Nf4 Nc4 16. Bc1 d4 17. Nce2 Ne3 18. Bxe3 dxe3 19. Qd4 Qc7 20. Kh1 Bc5 21. Qc3 b5
22. Rad1 Rfd8 23. Nd5 Nxd5 24. Bxd5 Rac8 25. Be4 Be6 26. b4 Bb6 27. Qxc7 Bxc7
28. Rxd8+ Rxd8 29. Bd3 f5 30. Rd1 f4 31. Kg1 Kf7 32. Kf1 Kf6 33. Ke1 Be5 34. Be4
Rxd1+ 35. Kxd1 Bb2 36. Nxf4 Bc4 37. Bd5 e2+ 38. Nxe2 Bxd5 39. Nf4 Bc4 40. Kd2
Be5 0-1

[Event "ch-FRA Blitz Online Qual"]
[Site "Europe-Chess INT"]
[Date "2020.05.16"]
[Round "6"]
[White "Philippe, Guillaume"]
[Black "Soubirou, Oriane"]
[Result "1-0"]
[WhiteTitle "IM"]
[WhiteElo "2354"]
[BlackElo "2144"]
[WhiteFideId "36048763"]
[BlackFideId "686034"]
[EventDate "2020.05.16"]

1. f4 e6 2. Nf3 f5 3. g3 Nf6 4. Bg2 Be7 5. O-O O-O 6. d3 d6 7. Nc3 Nc6 8. e4
fxe4 9. dxe4 e5 10. f5 Kh8 11. h3 d5 12. exd5 Nb4 13. Nxe5 Bd6 14. Bf4 Bxf5 15.
g4 Bxc2 16. Qd2 Bc5+ 17. Kh1 Bg6 18. a3 Na6 19. b4 Bd6 20. Rae1 Be8 21. Nd3 Bg6
22. Bxd6 Qxd6 23. Nf4 Bf7 24. g5 Nh5 25. Ne4 Qd7 26. Nxh5 Bxh5 27. Nc5 Nxc5 28.
bxc5 Qa4 29. d6 c6 30. Rxf8+ Rxf8 31. d7 Rd8 32. Qd6 h6 33. gxh6 Qh4 34. hxg7+
Kh7 35. Re7 Bf3 36. g8=Q+ Kxg8 37. Qg6+ Kh8 38. Qg7# 1-0

[Event "ch-FRA Blitz Online Qual"]
[Site "Europe-Chess INT"]
[Date "2020.05.16"]
[Round "6"]
[White "Spitz, Christophe"]
[Black "Rakotomaharo, Fy Antenaina"]
[Result "0-1"]
[BlackTitle "IM"]
[WhiteElo "2137"]
[BlackElo "2422"]
[WhiteFideId "608378"]
[BlackFideId "13100050"]
[EventDate "2020.05.16"]

1. e4 c5 2. Nf3 d6 3. d4 cxd4 4. Nxd4 Nf6 5. Nc3 a6 6. Bg5 e6 7. f4 Be7 8. Qf3
Qc7 9. O-O-O Nbd7 10. g4 b5 11. Bxf6 Nxf6 12. g5 Nd7 13. f5 O-O 14. f6 gxf6 15.
gxf6 Nxf6 16. Bd3 Kh8 17. Rhg1 Bb7 18. Nce2 Rg8 19. Ng3 Qc5 20. Nb3 Qe5 21. Na5
Rab8 22. Nxb7 Rxb7 23. Ne2 Rbb8 24. Rxg8+ Rxg8 25. Ng3 a5 26. Rf1 b4 27. Kb1 a4
28. Qf4 Rg4 29. Qxe5 dxe5 30. Kc1 h5 0-1

[Event "ch-FRA Blitz Online Qual"]
[Site "Europe-Chess INT"]
[Date "2020.05.16"]
[Round "6"]
[White "Robert, Mathias"]
[Black "Brunner, Nicolas"]
[Result "0-1"]
[BlackTitle "IM"]
[WhiteElo "2140"]
[BlackElo "2428"]
[WhiteFideId "26066769"]
[BlackFideId "620246"]
[EventDate "2020.05.16"]

1. Nf3 d5 2. c4 e6 3. g3 Nf6 4. b3 d4 5. e3 c5 6. exd4 cxd4 7. Bg2 Nc6 8. d3 Bd6
9. O-O O-O 10. a3 a5 11. Re1 e5 12. Ra2 h6 13. Rae2 Re8 14. Nbd2 Bf5 15. Qc2 Rc8
16. Nh4 Bh7 17. Ne4 Be7 18. Nd2 Nd7 19. Be4 Bxh4 20. Bxh7+ Kxh7 21. gxh4 Qxh4
22. Kh1 Nc5 23. Ne4 Nxe4 24. Rxe4 Qh5 25. f4 Re6 26. fxe5 Rxe5 27. Rxe5 Nxe5 28.
Qg2 Rc6 29. Bf4 Nxd3 30. Rf1 Rg6 31. Qc2 Qh3 32. Qe2 Re6 33. Qd2 0-1

[Event "ch-FRA Blitz Online Qual"]
[Site "Europe-Chess INT"]
[Date "2020.05.16"]
[Round "6"]
[White "Colin, Vincent"]
[Black "Denjoy, Arnaud"]
[Result "1-0"]
[WhiteTitle "IM"]
[WhiteElo "2372"]
[BlackElo "2166"]
[WhiteFideId "612324"]
[BlackFideId "26071185"]
[EventDate "2020.05.16"]

1. Nf3 Nf6 2. c4 e6 3. Nc3 b6 4. e4 Bb7 5. e5 Ne4 6. Bd3 Nxc3 7. dxc3 h6 8. Bf4
d6 9. Qe2 Nd7 10. O-O-O dxe5 11. Nxe5 Bd6 12. Be4 Bxe4 13. Qxe4 O-O 14. Nc6 Qf6
15. Bxd6 cxd6 16. Rxd6 Nc5 17. Qf3 Qg5+ 18. Kb1 e5 19. h4 Qg6+ 20. Rxg6 1-0

[Event "ch-FRA Blitz Online Qual"]
[Site "Europe-Chess INT"]
[Date "2020.05.16"]
[Round "6"]
[White "Ribiere, Damien"]
[Black "Debray, Christopher"]
[Result "0-1"]
[BlackTitle "IM"]
[WhiteElo "2083"]
[BlackElo "2376"]
[WhiteFideId "26041634"]
[BlackFideId "630810"]
[EventDate "2020.05.16"]

1. e4 c5 2. a3 g6 3. Nc3 Bg7 4. Bc4 e6 5. Ba2 Ne7 6. d3 O-O 7. h4 h5 8. g4 hxg4
9. Qxg4 d5 10. h5 Nbc6 11. Qh4 f6 12. hxg6 Nxg6 13. Qh7+ Kf7 14. Bh6 Rg8 15.
exd5 Nd4 16. O-O-O b5 17. Re1 b4 18. dxe6+ Bxe6 19. Bxe6+ Nxe6 20. Rxe6 bxc3 21.
Nf3 Kxe6 22. Qxg6 Bxh6+ 23. Qxh6 Qd5 24. Re1+ Kf7 25. Qh3 Rae8 26. Rh1 Rh8 27.
Qg2 Rxh1+ 28. Qxh1 Qf5 29. Qg2 cxb2+ 30. Kxb2 Re2 31. Kc3 Qf4 32. Kb2 c4 33. Qh3
cxd3 34. Qd7+ Re7 35. Qd5+ Kg7 36. cxd3 Qc7 37. Nd4 Qb7+ 38. Kc3 Qxd5 0-1

[Event "ch-FRA Blitz Online Qual"]
[Site "Europe-Chess INT"]
[Date "2020.05.16"]
[Round "6"]
[White "Viennot, Dylan"]
[Black "Papadiamandis, Elliot"]
[Result "0-1"]
[WhiteTitle "FM"]
[WhiteElo "2331"]
[BlackElo "2269"]
[WhiteFideId "676098"]
[BlackFideId "36074160"]
[EventDate "2020.05.16"]

1. e4 c5 2. Nf3 d6 3. d4 Nf6 4. Nc3 cxd4 5. Qxd4 a6 6. Bc4 e6 7. Bb3 Nc6 8. Qd3
Be7 9. Bf4 Qc7 10. O-O-O Ne5 11. Nxe5 dxe5 12. Bg3 b5 13. h4 Bb7 14. h5 h6 15.
f3 O-O 16. Kb1 Rfd8 17. Qe2 b4 18. Na4 Bc6 19. Bf2 Bb5 20. Qe3 Qc6 21. Nc5 a5
22. c4 bxc3 23. Qxc3 a4 24. Bc2 Rdc8 25. Nd3 Qxc3 26. bxc3 Rxc3 27. Nxe5 Be8 28.
Rd2 Rb8+ 29. Ka1 Rcc8 30. Nd3 Rb7 31. g4 Rbc7 32. Bb1 Nd7 33. Rhd1 Bf6+ 34. e5
Nxe5 35. Nxe5 Bxe5+ 36. Bd4 Bxd4+ 37. Rxd4 Rc1 38. Rxc1 Rxc1 39. Kb2 Rf1 40. Be4
Kf8 41. Rb4 Rf2+ 42. Ka3 f5 43. gxf5 exf5 44. Ba8 Bxh5 45. Rxa4 g5 46. Kb4 Bxf3
47. Bxf3 Rxf3 48. Ra6 Kg7 49. a4 g4 50. Re6 g3 51. Re2 Kg6 52. a5 Rf4+ 53. Kb5
Rf2 54. Re6+ Kg5 55. a6 Rb2+ 56. Kc6 g2 57. Re1 Ra2 58. Kb7 f4 0-1

[Event "ch-FRA Blitz Online Qual"]
[Site "Europe-Chess INT"]
[Date "2020.05.16"]
[Round "6"]
[White "Okhotnik, Vladimir"]
[Black "Emmenecker, Philippe"]
[Result "1-0"]
[WhiteTitle "GM"]
[WhiteElo "2359"]
[BlackElo "2100"]
[WhiteFideId "14101289"]
[BlackFideId "616273"]
[EventDate "2020.05.16"]

1. e4 e5 2. Nf3 Nc6 3. Nc3 Nf6 4. a3 g6 5. d4 exd4 6. Nxd4 Bg7 7. Nxc6 bxc6 8.
Bc4 O-O 9. O-O Rb8 10. Rb1 d6 11. Be3 c5 12. f3 Bd7 13. Qd2 Bc6 14. Bg5 Qd7 15.
Rfe1 Rbe8 16. Rbd1 Nh5 17. Bd5 Bd4+ 18. Be3 Bxe3+ 19. Qxe3 Nf6 20. Bc4 Kg7 21.
h3 h5 22. Qf4 Re5 23. Qxe5 dxe5 24. Rxd7 Bxd7 25. Bb5 c6 26. Bc4 Rb8 27. b3 h4
28. Rd1 Kf8 29. Na4 Nh5 30. Rxd7 1-0

[Event "ch-FRA Blitz Online Qual"]
[Site "Europe-Chess INT"]
[Date "2020.05.16"]
[Round "6"]
[White "Masset, Jacques"]
[Black "Cotonnec, Melkior"]
[Result "0-1"]
[BlackTitle "IM"]
[WhiteElo "2058"]
[BlackElo "2300"]
[WhiteFideId "20603703"]
[BlackFideId "633275"]
[EventDate "2020.05.16"]

1. d4 Nf6 2. c4 g6 3. Nc3 d5 4. Nf3 Bg7 5. Bg5 Ne4 6. cxd5 Nxg5 7. Nxg5 e6 8.
Qd2 exd5 9. Qe3+ Kf8 10. Qf4 f6 11. Nf3 c6 12. e3 h5 13. h4 Bh6 14. Qg3 Kf7 15.
Bd3 Rg8 16. O-O-O Bg4 17. Kb1 Nd7 18. e4 Nb6 19. e5 Kg7 20. Rhe1 Kh7 21. Re2 Qf8
22. e6 Re8 23. Rde1 Rg7 24. a4 Nc8 25. Qb8 Rge7 26. a5 a6 27. Na4 Nb6 28. Qxe8
Qxe8 29. axb6 Bxf3 30. gxf3 Bf4 31. Nc5 Bd6 32. Nxb7 Rxb7 33. Rg1 f5 34. Rg5 Be7
35. Rg1 Rxb6 0-1

[Event "ch-FRA Blitz Online Qual"]
[Site "Europe-Chess INT"]
[Date "2020.05.16"]
[Round "6"]
[White "Migot, Tangi"]
[Black "Popov, Konstantin"]
[Result "1-0"]
[WhiteTitle "IM"]
[BlackTitle "FM"]
[WhiteElo "2351"]
[BlackElo "2366"]
[WhiteFideId "662445"]
[BlackFideId "34137910"]
[EventDate "2020.05.16"]

1. e4 c5 2. Nf3 e6 3. d4 cxd4 4. Nxd4 Nc6 5. Nc3 Qc7 6. Be3 a6 7. Bd3 b5 8. O-O
Nf6 9. Nxc6 dxc6 10. f4 e5 11. f5 h5 12. Kh1 Be7 13. a4 Bb7 14. Qf3 b4 15. Nd1
c5 16. b3 Qc6 17. Nf2 Rd8 18. Bg5 h4 19. Bxf6 Bxf6 20. Rad1 Rd4 21. h3 Ke7 22.
Ng4 Rhd8 23. Ne3 Qc7 24. Nd5+ Bxd5 25. exd5 R8xd5 26. Bxa6 e4 27. Qg4 Rxd1 28.
Rxd1 Rxd1+ 29. Qxd1 Qf4 30. Bc8 Bd4 31. a5 Qc7 32. Qg4 Kd8 33. f6 Qxa5 34. Qd7# 1-0

[Event "ch-FRA Blitz Online Qual"]
[Site "Europe-Chess INT"]
[Date "2020.05.16"]
[Round "6"]
[White "Navrotescu, Catalin"]
[Black "Joly, Julien"]
[Result "1/2-1/2"]
[WhiteTitle "IM"]
[WhiteElo "2348"]
[BlackElo "2188"]
[WhiteFideId "1200208"]
[BlackFideId "26082284"]
[EventDate "2020.05.16"]

1. d4 Nf6 2. g3 g6 3. Bg2 Bg7 4. e4 d6 5. Nc3 Nbd7 6. Nge2 e5 7. O-O O-O 8. h3
c6 9. a4 a5 10. Be3 Re8 11. g4 exd4 12. Bxd4 Nc5 13. Ng3 Ne6 14. Be3 d5 15. exd5
cxd5 16. Nxd5 Nxd5 17. Qxd5 Bxb2 18. Rab1 Bg7 19. Qxd8 Nxd8 20. Ne4 Nc6 21. Nd6
Re7 22. Bc5 Rd7 23. Rfd1 Bf8 24. Ne4 Rxd1+ 25. Rxd1 Be6 26. Bxf8 Kxf8 27. Nc5
Rc8 28. c3 b6 29. Nxe6+ fxe6 30. Rd6 Ne5 31. Rxe6 Nc4 32. Bd5 Kg7 33. Bxc4 Rxc4
34. Rxb6 Rxa4 35. Kg2 Rc4 36. Ra6 a4 37. g5 Kg8 38. Ra7 Rxc3 39. Rxa4 Rc7 40.
Kg3 Kg7 41. h4 h6 42. Ra6 hxg5 43. hxg5 Rf7 44. f4 Rd7 45. Kg4 Rf7 46. Rc6 Re7
47. Rd6 Rf7 48. Re6 Rd7 49. Kf3 Rb7 50. Rd6 Re7 51. Rd5 Kf7 52. Re5 Rb7 53. Ra5
Rb3+ 54. Kg4 Rb7 55. Ra6 Kg7 56. Rf6 Re7 57. Rd6 Rc7 58. Kf3 Re7 59. Rd4 Rc7 60.
Re4 Rc3+ 61. Re3 Rc7 62. Rd3 Re7 63. Re3 Rc7 64. Ke4 Re7+ 65. Kd4 Rf7 66. Re4
Rd7+ 67. Ke3 Rf7 68. Re6 Rb7 69. Rd6 Re7+ 70. Kd4 Rf7 71. Ke5 Rf5+ 72. Ke4 Rf7
73. Ra6 Re7+ 74. Kd5 Rf7 75. Ke5 Re7+ 76. Re6 Rb7 77. Ke4 Ra7 78. Kf3 Ra3+ 79.
Kg4 Ra7 80. Rb6 Re7 81. Rb5 Rf7 82. Ra5 Re7 83. f5 gxf5+ 84. Kxf5 Rf7+ 85. Kg4
Rc7 86. Ra6 Rd7 87. Kh5 Rc7 88. Rd6 Rb7 89. Rd5 Rc7 90. g6 Rb7 91. Kg5 Rc7 92.
Rf5 Rd7 93. Rf7+ Rxf7 94. gxf7 Kxf7 1/2-1/2

[Event "ch-FRA Blitz Online Qual"]
[Site "Europe-Chess INT"]
[Date "2020.05.16"]
[Round "6"]
[White "Bulmaga, Irina"]
[Black "Neau, Julien"]
[Result "1-0"]
[WhiteTitle "IM"]
[WhiteElo "2440"]
[BlackElo "1916"]
[WhiteFideId "13903063"]
[BlackFideId "631388"]
[EventDate "2020.05.16"]

1. e4 d6 2. d4 Nf6 3. Nc3 g6 4. Nf3 Bg7 5. h3 c6 6. a4 O-O 7. Be2 Nbd7 8. O-O e5
9. b3 exd4 10. Nxd4 Re8 11. Bf3 Ne5 12. Bb2 d5 13. exd5 Nxf3+ 14. Qxf3 Nxd5 15.
Rad1 Nxc3 16. Bxc3 Qc7 17. Rfe1 Bd7 18. Ne2 Bf5 19. Bxg7 Kxg7 20. Nd4 Bd7 21.
Qc3 Kg8 22. Nb5 Qb6 23. Rxe8+ Rxe8 24. Nd6 Rd8 25. Ne4 Qc7 26. Nf6+ Kf8 27.
Nxh7+ Kg8 28. Nf6+ Kh8 29. Nxd7+ Kh7 30. Nf6+ Kh6 31. Rxd8 Qxd8 32. Qe5 Qd1+ 33.
Kh2 g5 34. Ng4+ 1-0

[Event "ch-FRA Blitz Online Qual"]
[Site "Europe-Chess INT"]
[Date "2020.05.16"]
[Round "6"]
[White "Pottier, Simeon"]
[Black "Degraeve, Remy"]
[Result "0-1"]
[BlackTitle "FM"]
[WhiteElo "2186"]
[BlackElo "2328"]
[WhiteFideId "26069296"]
[BlackFideId "26024560"]
[EventDate "2020.05.16"]

1. d4 d5 2. c4 c6 3. Nc3 Nf6 4. Nf3 e6 5. Bg5 Nbd7 6. e3 Qa5 7. Bd3 dxc4 8. Bxc4
Ne4 9. Bf4 Nxc3 10. bxc3 e5 11. Bg3 Qxc3+ 12. Nd2 Bb4 13. Rc1 Qxd2+ 14. Qxd2
Bxd2+ 15. Kxd2 exd4 16. e4 O-O 17. a4 b6 18. f4 Bb7 19. e5 Nc5 20. a5 Ne4+ 21.
Kd3 Nxg3 22. hxg3 c5 23. Rh2 Bc8 24. Ke4 g6 25. Kf3 h5 26. Bd5 Bg4+ 27. Kf2 Rad8
28. Bf3 Bxf3 29. gxf3 d3 30. g4 d2 31. Rd1 c4 32. gxh5 c3 33. hxg6 c2 34. Rdh1
fxg6 35. Rh8+ Kf7 36. f5 gxf5 37. R8h7+ Ke6 38. R1h6+ Kd5 0-1

[Event "ch-FRA Blitz Online Qual"]
[Site "Europe-Chess INT"]
[Date "2020.05.16"]
[Round "6"]
[White "Suarez Uriel, Adrian"]
[Black "Bernard, Mathis"]
[Result "1-0"]
[WhiteTitle "IM"]
[WhiteElo "2340"]
[BlackElo "1880"]
[WhiteFideId "22230874"]
[BlackFideId "36075205"]
[EventDate "2020.05.16"]

1. e4 c5 2. Nf3 d6 3. Nc3 Nf6 4. e5 dxe5 5. Nxe5 a6 6. g3 Nbd7 7. d4 Nxe5 8.
dxe5 Qxd1+ 9. Nxd1 Nd5 10. Bg2 e6 11. a3 Be7 12. O-O O-O 13. c4 Nc7 14. a4 Rb8
15. a5 Rd8 16. Nc3 Bd7 17. Be3 Bc6 18. Bxc6 bxc6 19. Rfd1 Kf8 20. Ne4 Rxd1+ 21.
Rxd1 Rxb2 22. Rd7 Ne8 23. Nxc5 Rb4 24. Ra7 Rxc4 25. Nd7+ 1-0

[Event "ch-FRA Blitz Online Qual"]
[Site "Europe-Chess INT"]
[Date "2020.05.16"]
[Round "6"]
[White "Lamaze, Simon"]
[Black "Stephan, Victor"]
[Result "0-1"]
[WhiteTitle "CM"]
[BlackTitle "IM"]
[WhiteElo "2185"]
[BlackElo "2439"]
[WhiteFideId "36069264"]
[BlackFideId "656666"]
[EventDate "2020.05.16"]

1. d4 Nf6 2. Nf3 e6 3. c4 c5 4. d5 d6 5. Nc3 exd5 6. cxd5 g6 7. g3 Bg7 8. Bg2
O-O 9. O-O Re8 10. a4 Ne4 11. Nxe4 Rxe4 12. a5 Bg4 13. Ra4 Qe8 14. Rxe4 Qxe4 15.
Bf4 Qe7 16. Re1 Na6 17. Qb3 Nb4 18. e4 Re8 19. h3 Bxf3 20. Bxf3 Be5 21. Be3 Qf6
22. Bg2 Bxb2 23. Bd2 Bd4 24. Re2 h5 25. h4 Qe5 26. Bxb4 cxb4 27. Qxb4 Bc5 28.
Qb3 Qa1+ 29. Kh2 Qxa5 30. Qxb7 Qc3 31. Qb5 Re7 32. Qa4 a5 33. Ra2 Bb4 34. Rc2
Qd4 35. f3 Kg7 36. Qb5 Qd1 37. Qe2 Qd4 38. Rc4 Qa1 39. f4 Rb7 40. e5 Bc5 41. e6
Rb2 42. Qe4 Qg1+ 43. Kh3 f5 44. Qf3 Rf2 45. Qc3+ Kh7 46. Qf3 Rxf3 47. Bxf3 Qf1+
48. Bg2 Qxc4 49. e7 Qe2 0-1

[Event "ch-FRA Blitz Online Qual"]
[Site "Europe-Chess INT"]
[Date "2020.05.16"]
[Round "6"]
[White "Droin, Augustin"]
[Black "Alif, Yassine"]
[Result "1-0"]
[WhiteTitle "FM"]
[WhiteElo "2313"]
[BlackElo "1874"]
[WhiteFideId "45105987"]
[BlackFideId "45107203"]
[EventDate "2020.05.16"]

1. e4 c5 2. Nf3 Nc6 3. Bb5 g6 4. O-O Bg7 5. Nc3 e5 6. a3 Nge7 7. b4 d6 8. d3 O-O
9. Rb1 h6 10. Bc4 Nd4 11. bxc5 dxc5 12. Nxd4 cxd4 13. Nd5 Rb8 14. f4 Be6 15.
Nxe7+ Qxe7 16. Bxe6 fxe6 17. fxe5 Bxe5 18. g3 Kh7 19. Bd2 Bd6 20. a4 Rxf1+ 21.
Qxf1 Rf8 22. Qe2 Rf7 23. e5 Bc5 24. Qe4 b6 25. h4 Rf5 26. g4 Rf7 27. h5 Rg7 28.
Rf1 Qe8 29. Rf6 Kh8 30. Bxh6 Rg8 31. hxg6 Qe7 32. Rf7 Qe8 33. Rh7# 1-0

[Event "ch-FRA Blitz Online Qual"]
[Site "Europe-Chess INT"]
[Date "2020.05.16"]
[Round "6"]
[White "Sesia, Noah"]
[Black "Shirazi, Kamran"]
[Result "1-0"]
[BlackTitle "IM"]
[WhiteElo "1822"]
[BlackElo "2355"]
[WhiteFideId "26066904"]
[BlackFideId "2000733"]
[EventDate "2020.05.16"]

1. d4 d5 2. Bf4 c5 3. e3 Nc6 4. c3 f6 5. Nf3 Bg4 6. Be2 e5 7. dxe5 Bxf3 8. Bxf3
fxe5 9. Bg3 e4 10. Be2 Nf6 11. O-O Bd6 12. Bh4 Be7 13. Nd2 O-O 14. c4 Kh8 15.
Qb3 Na5 16. Qc2 d4 17. exd4 cxd4 18. Bxf6 Bxf6 19. Nxe4 d3 20. Bxd3 Bxb2 21.
Rab1 Bd4 22. Rb5 b6 23. Rd5 Bxf2+ 24. Rxf2 Qe7 25. Re2 h6 26. Qc1 Rad8 27. Ng5
Qf6 28. Ne6 Rxd5 29. cxd5 Re8 30. Qf4 Qa1+ 31. Qf1 Qc3 32. Nf4 Rxe2 33. Qxe2
Qc1+ 34. Qf1 Qe3+ 35. Qf2 Qc1+ 36. Bf1 g5 37. Ng6+ Kg7 38. Ne5 Qc7 39. d6 Qb7
40. d7 Qd5 41. Qf7+ Qxf7 42. Nxf7 Nc6 43. d8=Q Nxd8 44. Nxd8 Kf6 45. Nc6 a5 46.
Nd4 Ke5 47. Nb5 Kd5 48. Nc3+ Kd4 49. Na4 h5 50. Nxb6 Kc3 51. a4 Kb4 52. Bb5 Kc5
53. Nd7+ Kb4 54. Nf6 h4 55. h3 Kc5 56. Kf2 Kd4 57. Kf3 Ke5 58. Ne4 Kf5 59. Bd7+
Kg6 60. Kg4 Kh6 61. Bf5 Kg7 62. Nxg5 Kh6 63. Kxh4 Kg7 64. g4 Kh6 65. Be4 Kg7 66.
Ne6+ Kh6 67. g5# 1-0